<?xml version="1.0" encoding="UTF-8"?>
<collection xmlns="http://www.loc.gov/MARC21/slim">
 <record>
  <leader>05607cam a2200877  b4500</leader>
  <controlfield tag="001">1544098359</controlfield>
  <controlfield tag="003">DE-627</controlfield>
  <controlfield tag="005">20240118080532.0</controlfield>
  <controlfield tag="007">tu</controlfield>
  <controlfield tag="008">160714s2016    gw |||||      00| ||ger c</controlfield>
  <datafield tag="015" ind1=" " ind2=" ">
   <subfield code="a">16,N24</subfield>
   <subfield code="2">dnb</subfield>
  </datafield>
  <datafield tag="016" ind1="7" ind2=" ">
   <subfield code="a">1102947113</subfield>
   <subfield code="2">DE-101</subfield>
  </datafield>
  <datafield tag="020" ind1=" " ind2=" ">
   <subfield code="a">9783805350457</subfield>
   <subfield code="c">Leinen mit Schutzumschlag : EUR 68.00 (DE), EUR 70.00 (AT)</subfield>
   <subfield code="9">978-3-8053-5045-7</subfield>
  </datafield>
  <datafield tag="020" ind1=" " ind2=" ">
   <subfield code="a">3805350457</subfield>
   <subfield code="9">3-8053-5045-7</subfield>
  </datafield>
  <datafield tag="024" ind1="3" ind2=" ">
   <subfield code="a">9783805350457</subfield>
  </datafield>
  <datafield tag="035" ind1=" " ind2=" ">
   <subfield code="a">(DE-627)1544098359</subfield>
  </datafield>
  <datafield tag="035" ind1=" " ind2=" ">
   <subfield code="a">(DE-576)474098354</subfield>
  </datafield>
  <datafield tag="035" ind1=" " ind2=" ">
   <subfield code="a">(DE-599)DNB1102947113</subfield>
  </datafield>
  <datafield tag="035" ind1=" " ind2=" ">
   <subfield code="a">(OCoLC)955147062</subfield>
  </datafield>
  <datafield tag="035" ind1=" " ind2=" ">
   <subfield code="a">(OCoLC)955147062</subfield>
  </datafield>
  <datafield tag="040" ind1=" " ind2=" ">
   <subfield code="a">DE-627</subfield>
   <subfield code="b">ger</subfield>
   <subfield code="c">DE-627</subfield>
   <subfield code="e">rda</subfield>
  </datafield>
  <datafield tag="041" ind1=" " ind2=" ">
   <subfield code="a">ger</subfield>
  </datafield>
  <datafield tag="044" ind1=" " ind2=" ">
   <subfield code="c">XA-DE-HE</subfield>
  </datafield>
  <datafield tag="082" ind1="0" ind2="4">
   <subfield code="a">930</subfield>
  </datafield>
  <datafield tag="084" ind1=" " ind2=" ">
   <subfield code="a">ALT-KA</subfield>
   <subfield code="q">DE-16</subfield>
   <subfield code="2">fid</subfield>
  </datafield>
  <datafield tag="084" ind1=" " ind2=" ">
   <subfield code="a">LH 63655</subfield>
   <subfield code="2">rvk</subfield>
   <subfield code="0">(DE-625)rvk/94412:</subfield>
  </datafield>
  <datafield tag="084" ind1=" " ind2=" ">
   <subfield code="a">LE 2700</subfield>
   <subfield code="2">rvk</subfield>
   <subfield code="0">(DE-625)rvk/90728:</subfield>
  </datafield>
  <datafield tag="090" ind1=" " ind2=" ">
   <subfield code="a">a</subfield>
  </datafield>
  <datafield tag="100" ind1="1" ind2=" ">
   <subfield code="a">Winckelmann, Johann Joachim</subfield>
   <subfield code="d">1717-1768</subfield>
   <subfield code="e">VerfasserIn</subfield>
   <subfield code="0">(DE-588)118633600</subfield>
   <subfield code="0">(DE-627)133372936</subfield>
   <subfield code="0">(DE-576)163586063</subfield>
   <subfield code="4">aut</subfield>
  </datafield>
  <datafield tag="245" ind1="1" ind2="0">
   <subfield code="a">Dresdner Schriften</subfield>
   <subfield code="b">Text und Kommentar</subfield>
   <subfield code="c">Johann Joachim Winckelmann ; herausgegeben von Adolf H. Borbein, Max Kunze und Axel Rügler mit einer Einleitung von Max Kunze ; bearbeitet von Balbina Bäbler, Eva Hofstetter, Max Kunze und Adelheid Müller unter Mitwirkung von Doreen Paula</subfield>
  </datafield>
  <datafield tag="246" ind1="3" ind2="0">
   <subfield code="a">Schriften und Nachlaß</subfield>
  </datafield>
  <datafield tag="264" ind1=" " ind2="1">
   <subfield code="a">[Mainz]</subfield>
   <subfield code="b">Verlag Philipp von Zabern</subfield>
   <subfield code="c">[2016]</subfield>
  </datafield>
  <datafield tag="264" ind1=" " ind2="4">
   <subfield code="c">© 2016</subfield>
  </datafield>
  <datafield tag="300" ind1=" " ind2=" ">
   <subfield code="a">LII, 461 Seiten</subfield>
   <subfield code="b">Illustrationen</subfield>
  </datafield>
  <datafield tag="336" ind1=" " ind2=" ">
   <subfield code="a">Text</subfield>
   <subfield code="b">txt</subfield>
   <subfield code="2">rdacontent</subfield>
  </datafield>
  <datafield tag="337" ind1=" " ind2=" ">
   <subfield code="a">ohne Hilfsmittel zu benutzen</subfield>
   <subfield code="b">n</subfield>
   <subfield code="2">rdamedia</subfield>
  </datafield>
  <datafield tag="338" ind1=" " ind2=" ">
   <subfield code="a">Band</subfield>
   <subfield code="b">nc</subfield>
   <subfield code="2">rdacarrier</subfield>
  </datafield>
  <datafield tag="490" ind1="1" ind2=" ">
   <subfield code="a">Schriften und Nachlaß / Johann Joachim Winckelmann ; Akademie der Wissenschaften und der Literatur Mainz, Deutsches Archäologisches Institut, Winckelmann-Gesellschaft</subfield>
   <subfield code="a">Band 9, Vermischte Schriften zur Kunst, Kunsttheorie und Geschichte</subfield>
   <subfield code="v">1</subfield>
  </datafield>
  <datafield tag="583" ind1="1" ind2=" ">
   <subfield code="a">Archivierung/Langzeitarchivierung gewährleistet</subfield>
   <subfield code="f">FID</subfield>
   <subfield code="2">pdager</subfield>
   <subfield code="5">DE-16</subfield>
  </datafield>
  <datafield tag="655" ind1=" " ind2="7">
   <subfield code="a">Aufsatzsammlung</subfield>
   <subfield code="0">(DE-588)4143413-4</subfield>
   <subfield code="0">(DE-627)105605727</subfield>
   <subfield code="0">(DE-576)209726091</subfield>
   <subfield code="2">gnd-content</subfield>
  </datafield>
  <datafield tag="689" ind1="0" ind2="0">
   <subfield code="d">p</subfield>
   <subfield code="0">(DE-588)118633600</subfield>
   <subfield code="0">(DE-627)133372936</subfield>
   <subfield code="0">(DE-576)163586063</subfield>
   <subfield code="a">Winckelmann, Johann Joachim</subfield>
   <subfield code="d">1717-1768</subfield>
   <subfield code="2">gnd</subfield>
  </datafield>
  <datafield tag="689" ind1="0" ind2="1">
   <subfield code="d">s</subfield>
   <subfield code="0">(DE-588)4114333-4</subfield>
   <subfield code="0">(DE-627)105822957</subfield>
   <subfield code="0">(DE-576)209483733</subfield>
   <subfield code="a">Kunst</subfield>
   <subfield code="2">gnd</subfield>
  </datafield>
  <datafield tag="689" ind1="0" ind2="2">
   <subfield code="d">s</subfield>
   <subfield code="0">(DE-588)4138803-3</subfield>
   <subfield code="0">(DE-627)105639966</subfield>
   <subfield code="0">(DE-576)209689137</subfield>
   <subfield code="a">Kunstgeschichte</subfield>
   <subfield code="g">Fach</subfield>
   <subfield code="2">gnd</subfield>
  </datafield>
  <datafield tag="689" ind1="0" ind2=" ">
   <subfield code="5">(DE-627)</subfield>
  </datafield>
  <datafield tag="689" ind1="1" ind2="0">
   <subfield code="d">g</subfield>
   <subfield code="0">(DE-588)4012995-0</subfield>
   <subfield code="0">(DE-627)106345745</subfield>
   <subfield code="0">(DE-576)20890140X</subfield>
   <subfield code="a">Dresden</subfield>
   <subfield code="2">gnd</subfield>
  </datafield>
  <datafield tag="689" ind1="1" ind2="1">
   <subfield code="d">s</subfield>
   <subfield code="0">(DE-588)4114333-4</subfield>
   <subfield code="0">(DE-627)105822957</subfield>
   <subfield code="0">(DE-576)209483733</subfield>
   <subfield code="a">Kunst</subfield>
   <subfield code="2">gnd</subfield>
  </datafield>
  <datafield tag="689" ind1="1" ind2="2">
   <subfield code="a">z</subfield>
   <subfield code="2">gnd</subfield>
   <subfield code="a">Geschichte</subfield>
  </datafield>
  <datafield tag="689" ind1="1" ind2=" ">
   <subfield code="5">(DE-627)</subfield>
  </datafield>
  <datafield tag="700" ind1="1" ind2=" ">
   <subfield code="a">Kunze, Max</subfield>
   <subfield code="d">1944-</subfield>
   <subfield code="e">HerausgeberIn</subfield>
   <subfield code="e">VerfasserIn einer Einleitung</subfield>
   <subfield code="e">VerfasserIn</subfield>
   <subfield code="0">(DE-588)142063088</subfield>
   <subfield code="0">(DE-627)633520357</subfield>
   <subfield code="0">(DE-576)161869289</subfield>
   <subfield code="4">edt</subfield>
   <subfield code="4">win</subfield>
   <subfield code="4">aut</subfield>
  </datafield>
  <datafield tag="700" ind1="1" ind2=" ">
   <subfield code="a">Borbein, Adolf Heinrich</subfield>
   <subfield code="d">1936-</subfield>
   <subfield code="e">HerausgeberIn</subfield>
   <subfield code="0">(DE-588)106150278</subfield>
   <subfield code="0">(DE-627)539929557</subfield>
   <subfield code="0">(DE-576)16036941X</subfield>
   <subfield code="4">edt</subfield>
  </datafield>
  <datafield tag="700" ind1="1" ind2=" ">
   <subfield code="a">Rügler, Axel</subfield>
   <subfield code="e">HerausgeberIn</subfield>
   <subfield code="0">(DE-588)1188648128</subfield>
   <subfield code="0">(DE-627)1667616943</subfield>
   <subfield code="4">edt</subfield>
  </datafield>
  <datafield tag="700" ind1="1" ind2=" ">
   <subfield code="a">Bäbler, Balbina</subfield>
   <subfield code="d">1967-</subfield>
   <subfield code="e">VerfasserIn</subfield>
   <subfield code="0">(DE-588)120063093</subfield>
   <subfield code="0">(DE-627)473351668</subfield>
   <subfield code="0">(DE-576)29202083X</subfield>
   <subfield code="4">aut</subfield>
  </datafield>
  <datafield tag="700" ind1="1" ind2=" ">
   <subfield code="a">Hofstetter, Eva</subfield>
   <subfield code="e">VerfasserIn</subfield>
   <subfield code="0">(DE-588)112951562</subfield>
   <subfield code="0">(DE-627)620873507</subfield>
   <subfield code="0">(DE-576)167874489</subfield>
   <subfield code="4">aut</subfield>
  </datafield>
  <datafield tag="700" ind1="1" ind2=" ">
   <subfield code="a">Müller, Adelheid</subfield>
   <subfield code="e">VerfasserIn</subfield>
   <subfield code="0">(DE-588)1111045313</subfield>
   <subfield code="0">(DE-627)865452563</subfield>
   <subfield code="0">(DE-576)475890388</subfield>
   <subfield code="4">aut</subfield>
  </datafield>
  <datafield tag="700" ind1="1" ind2=" ">
   <subfield code="a">Paula, Doreen</subfield>
   <subfield code="e">VerfasserIn</subfield>
   <subfield code="4">aut</subfield>
  </datafield>
  <datafield tag="710" ind1="2" ind2=" ">
   <subfield code="a">Akademie der Wissenschaften und der Literatur Mainz</subfield>
   <subfield code="0">(DE-588)35487-9</subfield>
   <subfield code="0">(DE-627)100819230</subfield>
   <subfield code="0">(DE-576)190339810</subfield>
   <subfield code="4">oth</subfield>
  </datafield>
  <datafield tag="710" ind1="2" ind2=" ">
   <subfield code="a">Deutsches Archäologisches Institut</subfield>
   <subfield code="0">(DE-588)18740-9</subfield>
   <subfield code="0">(DE-627)100578179</subfield>
   <subfield code="0">(DE-576)190272880</subfield>
   <subfield code="4">oth</subfield>
  </datafield>
  <datafield tag="710" ind1="2" ind2=" ">
   <subfield code="a">Winckelmann-Gesellschaft</subfield>
   <subfield code="0">(DE-588)39033-1</subfield>
   <subfield code="0">(DE-627)100891306</subfield>
   <subfield code="0">(DE-576)190362715</subfield>
   <subfield code="4">oth</subfield>
  </datafield>
  <datafield tag="776" ind1="0" ind2="8">
   <subfield code="i">Elektronische Reproduktion</subfield>
   <subfield code="a">Winckelmann, Johann Joachim, 1717 - 1768</subfield>
   <subfield code="t">Schriften und Nachlaß ; Band 9,1: Vermischte Schriften zur Kunst, Kunsttheorie und Geschichte ; Band 9,1: Dresdner Schriften</subfield>
   <subfield code="d">[Mainz] : Verlag Philipp von Zabern, 2016</subfield>
   <subfield code="h">LII, 461 Seiten</subfield>
   <subfield code="w">(DE-627)1844851389</subfield>
  </datafield>
  <datafield tag="787" ind1="0" ind2="8">
   <subfield code="i">Rezensiert in</subfield>
   <subfield code="a">Schmälzle, Christoph, 1975 - </subfield>
   <subfield code="t">[Rezension von: Johann Joachim Winckelmann, Dresdner Schriften, Text und Kommentar]</subfield>
   <subfield code="d">Darmstadt : Verlag Philipp von Zabern, 2019</subfield>
   <subfield code="w">(DE-627)175715065X</subfield>
  </datafield>
  <datafield tag="787" ind1="0" ind2="8">
   <subfield code="i">Rezensiert in</subfield>
   <subfield code="a">Roesch, Phyllis</subfield>
   <subfield code="t">[Rezension von: Adolf H. Borbein, Max Kunze, Axel Rügler (Hrsg.), Johann Joachim Winckelmann, Dresdner Schriften]</subfield>
   <subfield code="d">2019</subfield>
   <subfield code="w">(DE-627)1832737233</subfield>
  </datafield>
  <datafield tag="800" ind1="1" ind2=" ">
   <subfield code="a">Winckelmann, Johann Joachim</subfield>
   <subfield code="d">1717-1768</subfield>
   <subfield code="t">Schriften und Nachlaß</subfield>
   <subfield code="n">Band 9</subfield>
   <subfield code="p">Vermischte Schriften zur Kunst, Kunsttheorie und Geschichte ; 1</subfield>
   <subfield code="v">Band 9,1</subfield>
   <subfield code="9">9,1</subfield>
   <subfield code="w">(DE-627)1122995598</subfield>
   <subfield code="w">(DE-576)052995593</subfield>
   <subfield code="7">nm</subfield>
  </datafield>
  <datafield tag="856" ind1="4" ind2="2">
   <subfield code="u">https://swbplus.bsz-bw.de/bsz474098354inh.htm</subfield>
   <subfield code="m">B:DE-576;DE-14</subfield>
   <subfield code="q">application/pdf</subfield>
   <subfield code="v">20160810160111</subfield>
   <subfield code="x">Verlag</subfield>
   <subfield code="3">Inhaltsverzeichnis</subfield>
  </datafield>
  <datafield tag="935" ind1=" " ind2=" ">
   <subfield code="a">SAXB</subfield>
  </datafield>
  <datafield tag="935" ind1=" " ind2=" ">
   <subfield code="i">sf</subfield>
  </datafield>
  <datafield tag="936" ind1="r" ind2="v">
   <subfield code="a">LH 63655</subfield>
   <subfield code="b">Winckelmann, Johann Joachim</subfield>
   <subfield code="k">Kunstgeschichte</subfield>
   <subfield code="k">Allgemeines. Allgemeine Kunstgeschichte</subfield>
   <subfield code="k">Geschichte der Kunstwissenschaft</subfield>
   <subfield code="k">Schriften über Kunsthistoriker</subfield>
   <subfield code="k">Einzeldarstellungen (Autobiografien,Biografien, Festansprachen, Leichenreden, Nachrufe u. dergl.)</subfield>
   <subfield code="k">Namen W</subfield>
   <subfield code="k">Winckelmann, Johann Joachim</subfield>
   <subfield code="0">(DE-627)127129334X</subfield>
   <subfield code="0">(DE-625)rvk/94412:</subfield>
   <subfield code="0">(DE-576)20129334X</subfield>
  </datafield>
  <datafield tag="936" ind1="r" ind2="v">
   <subfield code="a">LE 2700</subfield>
   <subfield code="b">Gesammelte Schriften</subfield>
   <subfield code="k">Klassische Archäologie</subfield>
   <subfield code="k">Handbücher und Sammelwerke</subfield>
   <subfield code="k">Gesammelte Schriften</subfield>
   <subfield code="0">(DE-627)1270917692</subfield>
   <subfield code="0">(DE-625)rvk/90728:</subfield>
   <subfield code="0">(DE-576)200917692</subfield>
  </datafield>
  <datafield tag="951" ind1=" " ind2=" ">
   <subfield code="a">MV</subfield>
  </datafield>
  <datafield tag="990" ind1=" " ind2=" ">
   <subfield code="a">Winckelmann, Johann Joachim</subfield>
  </datafield>
  <datafield tag="990" ind1=" " ind2=" ">
   <subfield code="a">Kunst</subfield>
  </datafield>
  <datafield tag="990" ind1=" " ind2=" ">
   <subfield code="a">Kunstgeschichte</subfield>
  </datafield>
  <datafield tag="990" ind1=" " ind2=" ">
   <subfield code="a">Dresden</subfield>
  </datafield>
  <datafield tag="990" ind1=" " ind2=" ">
   <subfield code="a">Kunst</subfield>
  </datafield>
  <datafield tag="990" ind1=" " ind2=" ">
   <subfield code="a">Geschichte</subfield>
  </datafield>
  <datafield tag="991" ind1=" " ind2=" ">
   <subfield code="a">Rezensiertes Werk</subfield>
  </datafield>
  <datafield tag="999" ind1=" " ind2=" ">
   <subfield code="a">KXP-PPN1544098359</subfield>
   <subfield code="e">4263462025</subfield>
  </datafield>
 </record>
</collection>
